Classement Bundesliga 2022-2023 - Statistiques

Statistiques générales
  • Ce quiz a été pris 87 fois
  • Le résultat moyen est 11 sur 18
Statistiques - réponses
Classement Point Club % Correct
1 71 Bayern Munich
100%
2 71 Borussia Dortmund
99%
3 66 RB Leipzig
88%
4 62 Union Berlin
82%
6 50 Bayer Leverkusen
81%
7 50 Eintracht Francfort
71%
8 49 Wolfsburg
66%
5 59 Fribourg
65%
16 33 Stuttgart
65%
9 46 Mayence
61%
17 31 Schalke 04
58%
13 36 Werder Brême
55%
11 42 Cologne
52%
18 29 Hertha Berlin
45%
14 35 Bochum
43%
15 34 Augsbourg
40%
12 36 Hoffenheim
39%
10 43 Borussia M'Gladbach
26%
Aucun quiz correspondant
Distribution des résultats
% des personnes avec chaque résultat
Percentile par nombre de réponses
Votre historique - résultats
Vous n’avez pas pris ce quiz